Statistiken für Inseln Griechenlands - mit Karte

Klicken Sie hier um das Quiz zu spielen!

Allgemein

  • Dieses Quiz wurde 162 mal gespielt
  • Das Durchschnittsergebnis liegt bei 7 aus 15

Antworten auf der Karte

Die Antworten werden auf der Karte rot bzw. grün angezeigt, abhängig davon wie oft sie richtig erraten wurden.
 

Antwortstatistiken

InselEinwohnerGröße in km²Inselgruppe/ Gewässer% Korrekt
1KKreta622.9138.261Östliches Mittelmeer
98%
4RRhodos115.4901.408Dodekanes
83%
3LLesbos86.4361.663Nordägäische Inseln
76%
7KKorfu102.071611Ionische Inseln
73%
11ZZakynthos40.795406Ionische Inseln
49%
9SSamos32.977477Nordägäische Inseln
48%
10NNaxos18.904430Kykladen
46%
2EEuböa220.0003.660Ägäisches Meer
44%
6KKefalonia35.801781Ionische Inseln
40%
5CChios51.390842Nordägäische Inseln
31%
12TThassos13.770380Nordägäische Inseln
31%
14LLefkada22.652303Ionische Inseln
26%
8LLimnos16.992478Nordägäische Inseln
26%
13AAndros9.221380Kykladen
25%
15KKarpathos6.226300Dodekanes
25%

Verteilung der Resultate

Perzentil nach korrekt beantworteten Fragen

Anzahl Personen mit jedem Resultat

Ihre Resultats-Entwicklung

Sie haben dieses Quiz noch nicht gespielt